Gaming Quiz

Random Gaming or Nintendo Quiz

Nintendo Consoles and Handhelds Quiz Stats

 Plays Quiz not verified by Sporcle

Score 0/38 Timer 05:00
0 Plays Today
Year Console % Correct
2006Nintendo Wii
92.9%
1989Game Boy
91.7%
2004Nintendo DS
90.4%
2017Nintendo Switch
85.7%
1985Nintendo Entertainment System
85.5%
2001Nintendo GameCube
84.5%
1996Nintendo 64
84.2%
2012Nintendo Wii U
82.7%
2001Game Boy Advance
82.3%
1991Super Nintendo Entertainment System
80.6%
1998Game Boy Color
80.4%
2008Nintendo DSi
71.6%
2011Nintendo 3DS
69.3%
2006Nintendo DS Lite
60%
2012Nintendo 3DS XL
56.8%
2003Game Boy Advance SP
53.9%
2013Nintendo 2DS
53.2%
2014New Nintendo 3DS
49.6%
1994Virtual Boy
46.6%
Year Console % Correct
1980Game & Watch series
45.7%
2010Nintendo DSi XL
45.4%
1996Game Boy Pocket
39.3%
2017New Nintendo 2DS XL
39.3%
2005Game Boy Micro
39.1%
2014New Nintendo 3DS XL
36.4%
1983*Family Computer
33%
1990*Super Famicom
23.4%
1977*Color TV Game
20.7%
1999*Nintendo 64DD
19.4%
1998*Game Boy Light
16.1%
1986*Family Computer Disk System
7.8%
1993NES-101
7.5%
2003^iQue Player
6.6%
2001Pokémon mini
6.3%
2001*Panasonic Q
6%
1997SNS-101
5.9%
2011Nintendo Wii Family Edition
4.4%
2012Nintendo Wii Mini
3.5%

You're not logged in!

Compare scores with friends on all Sporcle quizzes.
OR
Log In

Show Comments

Extras

Top Quizzes Today


Score Distribution

Your Account Isn't Verified!

In order to create a playlist on Sporcle, you need to verify the email address you used during registration. Go to your Sporcle Settings to finish the process.

Report this User

Report this user for behavior that violates our Community Guidelines.

Details: